¿Es usted...? (Record no. 95722)
[ view plain ]
| 000 -LEADER | |
|---|---|
| campo de control de longitud fija | 00623nam a2200193 i 4500 |
| 001 - NÚMERO DE CONTROL | |
| campo de control | 95722 |
| 003 - IDENTIFICADOR DE NÚMERO DE CONTROL | |
| campo de control | ES-MaACL |
| 005 - FECHA Y HORA DE LA ÚLTIMA TRANSACCIÓN | |
| campo de control | 20230906181748.0 |
| 007 - CAMPO FIJO DE DESCRIPCIÓN FÍSICA--INFORMACIÓN GENERAL | |
| campo de control de longitud fija | t| |
| 008 - DATOS DE LONGITUD FIJA--INFORMACIÓN GENERAL | |
| campo de control de longitud fija | 050602s1958 sp ||||1| spa d |
| 100 1# - ENTRADA PRINCIPAL--NOMBRE DE PERSONA | |
| Nombre de persona | Lloveras, Gonçal ( |
| Fechas asociadas al nombre | 1926-) |
| 9 (RLIN) | 72939 |
| 245 10 - MENCIÓN DEL TÍTULO | |
| Título | ¿Es usted...? |
| Resto del título | : un simpático método para conocerse a sí mismo... / |
| Mención de responsabilidad, etc. | Dr. Gonzalo Llovers "Doctor Cobayo"(seud.). |
| 250 ## - MENCION DE EDICION | |
| Mención de edición | [1ª ed.]. |
| 300 ## - DESCRIPCIÓN FÍSICA | |
| Extensión | 281 p., 3 h. : |
| Otras características físicas | il. ; |
| Dimensiones | 18 cm. |
| 490 1# - MENCIÓN DE SERIE | |
| Mención de serie | Vivir es saber. Saber es vivir |
| 830 0# - PUNTO DE ACCESO ADICIONAL DE SERIE-TÍTULO UNIFORME | |
| Título uniforme | Vivir es saber. Saber es vivir |
| 9 (RLIN) | 182014 |
| 852 ## - LOCALIZACIÓN | |
| Ubicación | ES-MaACL |
| Número de control de estantería | C-6113 |
| Sublocalización o colección | R.43758 |
| Estatus retirado | Estado de pérdida | Estado de daño | No para préstamo | Biblioteca de origen | Biblioteca actual | Ubicación en estantería | Fecha de adquisición | Fuente de adquisición | Total de préstamos | Signatura topográfica completa | Código de barras | Visto por última vez | Precio de reemplazo | Tipo de ítem Koha |
|---|---|---|---|---|---|---|---|---|---|---|---|---|---|---|
| Biblioteca del Ateneo de Madrid | Biblioteca del Ateneo de Madrid | Sala Palomar | 17/01/2008 | C-6113 | 1099951 | 23/02/2023 | 23/02/2023 | Libro impreso |
